Οίνος και νόμισμα στην αρχαία Ελλάδα : κέρδος και ευφροσύνη εν οινοποσία
Αποθηκεύτηκε σε:
| Κύριος συγγραφέας: | |
|---|---|
| Άλλοι συγγραφείς: | |
| Μορφή: | Βιβλίο |
| Γλώσσα: | Greek |
| Δημοσίευση: |
Αθήνα :
Κτήμα Χατζημιχάλη,
1999.
|
| Θέματα: | |
| Ετικέτες: |
Προσθήκη ετικέτας
Δεν υπάρχουν, Καταχωρήστε ετικέτα πρώτοι!
|
MARC
| LEADER | 00000cam a2200000 a 4500 | ||
|---|---|---|---|
| 001 | 1/122119 | ||
| 008 | 200922s1999####gr | ||| |||| ||gre|| | ||
| 020 | |a 9608588626 | ||
| 040 | |a GR-MyUa |b gre |c GR-MyUa |e AACR2 | ||
| 041 | 0 | |a gre | |
| 082 | 7 | |a 737.4938 |2 (23) | |
| 100 | 1 | |a Franke, Peter Robert, |d 1926- | |
| 245 | 1 | 0 | |a Οίνος και νόμισμα στην αρχαία Ελλάδα : |b κέρδος και ευφροσύνη εν οινοποσία / |c Peter R. Franke, Ειρήνη Μαραθάκη. |
| 260 | |a Αθήνα : |b Κτήμα Χατζημιχάλη, |c 1999. | ||
| 300 | |a 165 σ. : |b εικ. ; |c 24 εκ. | ||
| 504 | |a Βιβλιογραφία: σ. 153-157. Ευρετήριο. | ||
| 650 | 0 | |a Coins, Greek | |
| 650 | 0 | |a Wine and wine making in numismatics. | |
| 700 | 1 | |a Μαραθάκη, Ειρήνη. | |
| 852 | |a INST |b SYROS |e 20200921 |h 737.4938 FRA |p 005500014803 |q 005500014803 |t BK |y 0 | ||
| 920 | |a Ίδρυμα Ευγενίδου |b Βιβλιοθήκη |y Σύρος |z 2020-07 | ||
| 970 | |a Κοντού |b Παρασκευή |z 22/09/2020 | ||